Statistics for States of Germany Map Quiz

Click here to take the quiz!

General Stats

  • This quiz has been taken 62,879 times
    (55,190 since last reset)
  • The average score is 10 of 16

Answers on the Map

Answers color-coded by a green-red scale on the quiz's map according to % correct below.
Loading ...
 

Answer Stats

Answer % Correct
Berlin
91%
Bavaria
82%
Hamburg
74%
Brandenburg
73%
Bremen
68%
North Rhine-Westphalia
63%
Saarland
60%
Schleswig-Holstein
59%
Baden-Württemberg
55%
Rhineland-Palatinate
54%
Mecklenburg-Vorpommern
53%
Saxony
52%
Hesse
45%
Lower Saxony
43%
Thuringia
41%
Saxony-Anhalt
38%

Score Distribution

Percentile by Number Answered

Percent of People with Each Score

Your Score History

You have not taken this quiz since the last reset